LEADER 00990nam0 2200277 450 001 000044071 005 20180205100133.0 100 $a20180205d1977----km-y0itaa50------ba 101 0 $aita 102 $aIT 200 1 $aAndare in pensione e vivere felici$fFranco Fini, Raffaello Baldi$gcon 32 schizzi di Andrea Baruffi 210 $aMilano$cHoepli$d1977 215 $a366 p.$cill.$d17 cm 606 1 $aAnziani$xPsicologia 676 $a155.6$v18$9Psicologia degli adulti e degli anziani 700 1$aFini,$bFranco$0489193 701 1$aBaldi,$bRaffaello$0620435 702 1$aBaruffi,$bAndrea 801 0$aIT$bUniversità della Basilicata - B.I.A.$gREICAT$2unimarc 912 $a000044071 996 $aAndare in pensione e vivere felici$91450069 997 $aUNIBAS BAS $aLETTERE CAT $aEXT022$b01$c20180205$lBAS01$h1001 FMT Z30 -1$lBAS01$LBAS01$mBOOK$1BASA1$APolo Storico-Umanistico$2GEN$BCollezione generale$657061$5L57061$820180205$f04$FPrestabile Didattica